| Поле | Название | Значение |
| |
Тип записи |
a |
| |
Библиографический уровень |
m |
| 001 |
Контрольный номер |
87a46491c6fc4a0a8ced81b6ca046cc3 |
| 005 |
Дата корректировки |
20140605100157.2 |
| 010 |
Индекс ISBN |
__ |
| a |
ISBN |
978-5-94771-089-2 |
| 200 |
Заглавие и сведения об ответственности |
1_ |
| a |
Заглавие |
Управление торговлей: теория, практика, инновации |
| e |
Сведения, относящиеся к заглавию |
материалы междунар. науч.-практ. конф., посвящ. 95-летию Рос. ун-та кооперации, 27-28 марта 2008 г. |
| f |
Первые сведения об ответственности |
АНО ВПО ЦС РФ РУК |
| 210 |
Выходные данные |
1_ |
| c |
Издательство |
РУК |
| a |
Место издания |
М. |
| d |
Дата издания |
2008 |
| 215 |
Физическое описание |
__ |
| a |
Объем |
495, [1] с. |
| 610 |
Ключевые слова |
0_ |
| a |
Ключевые слова |
потребительская кооперация |
| 610 |
Ключевые слова |
0_ |
| a |
Ключевые слова |
научная конференция |
| 610 |
Ключевые слова |
0_ |
| a |
Ключевые слова |
материалы конференции |
| 610 |
Ключевые слова |
0_ |
| a |
Ключевые слова |
российский университет кооперации |
| 610 |
Ключевые слова |
0_ |
| a |
Ключевые слова |
вузы |
| 610 |
Ключевые слова |
0_ |
| a |
Ключевые слова |
торговля |
| 610 |
Ключевые слова |
0_ |
| a |
Ключевые слова |
инновации |
| 610 |
Ключевые слова |
0_ |
| a |
Ключевые слова |
управление |
| 610 |
Ключевые слова |
0_ |
| a |
Ключевые слова |
конкурентоспособность товаров |
| 610 |
Ключевые слова |
0_ |
| a |
Ключевые слова |
безопасность товаров |
| 610 |
Ключевые слова |
0_ |
| a |
Ключевые слова |
подготовка специалистов |
| 610 |
Ключевые слова |
0_ |
| a |
Ключевые слова |
услуги |
| 686 |
Индексы других классификаций |
__ |
| a |
Классификационный индекс |
65.9(2)421.8я431 |
| 2 |
Код системы |
rubbk |
| 686 |
Индексы других классификаций |
__ |
| a |
Классификационный индекс |
74.58 |
| 2 |
Код системы |
rubbk |
| 711 |
Наименование организации. (Альтернативная ответственность) |
02 |
| a |
Организация/ юрисдикция |
АНО ВПО ЦС РФ РУК |
| 801 |
Источник записи |
_0 |
| a |
Страна |
RU |
| b |
Организация |
РУК |
| c |
Дата составления |
20080404 |
| g |
Правила каталогизации |
PSBO |
| 801 |
Источник записи |
_1 |
| a |
Страна |
RU |
| b |
Организация |
РУК |
| c |
Дата составления |
20080404 |
| g |
Правила каталогизации |
PSBO |
| 852 |
Данные о местонахождении |
__ |
| j |
Шифр хранения |
.ББК 65.9(2)421.8 |
| i |
Авторский знак |
У 67 |
| 901 |
Тип документа |
__ |
| t |
Тип документа |
m |
| 912 |
Принадлежность преподавателя к РУК |
__ |
| a |
Принадлежность преподавателя к РУК |
Преподаватель Головного вуза |
| 938 |
Служебная информация |
__ |
| a |
Название организации |
Головной вуз |
| b |
Имя БД |
BOOK |
| c |
Название АИБС |
АИБС ИРБИС |